| 000 | 00327nam a2200121Ia 4500 | ||
|---|---|---|---|
| 008 | 220204s9999 xx 000 0 und d | ||
| 082 |
_a631.586 _bBUR |
||
| 100 | _aBURROWS, W C | ||
| 245 | 0 | _aInternational conference on mechnaized dryland farming. | |
| 260 |
_aUSA _bDerre & Co _c1970 |
||
| 650 | _aDryland farming | ||
| 942 | _cBK | ||
| 999 |
_c21582 _d21582 |
||